Manažment pohľadávok ako faktor udržania platobnej schopnosti podniku

Salvato in:
Dettagli Bibliografici
Autore principale: Staruch, Jozef (Autore)
Altri autori: Bondareva, Irina (Relatore della tesi)
Natura: Manoscritto Libro
Lingua:slovacco
Pubblicazione: 2018
Soggetti:
Accesso online:http://is.stuba.sk/zp/portal_zp.pl?podrobnosti=136498
Tags: Aggiungi Tag
Nessun Tag, puoi essere il primo ad aggiungerne!!

MARC

LEADER 00000ntm a22000003a 4500
001 stuzp69623
003 SK-STU
005 20180602211124.4
007 ta
008 150427s2015----xo-----f-mn---000-0-slo-d
040 |a STU  |b slo 
041 0 |a slo 
100 1 |a Staruch, Jozef  |u 902024  |4 aut  |U Ústav manažmentu STU  |T ÚM - Oddelenie manažmentu chemických a potravinárskych technológií  |X 65928  |U R2024  |Y 408  |7 65928 
242 0 1 |a Receivables Management as a Factor in Maintaining the Ability of an Enterprise to Pay  |y eng 
245 1 0 |a Manažment pohľadávok ako faktor udržania platobnej schopnosti podniku 
260 |c 2018 
650 4 |a manažment  |2 slo 
650 4 |a pohľadávka  |2 slo 
650 4 |a podnik  |2 slo 
650 4 |a platobná disciplína  |2 slo 
650 4 |a analýza  |2 slo 
650 4 |a management  |2 eng 
650 4 |a receivable  |2 eng 
650 4 |a company  |2 eng 
650 4 |a payment discipline  |2 eng 
650 4 |a analysis  |2 eng 
700 1 |a Bondareva, Irina  |u 902024  |k Z1  |4 ths  |U Ústav manažmentu STU  |T ÚM - Oddelenie manažmentu chemických a potravinárskych technológií  |X 52327  |U R2024  |Y 408  |7 52327 
856 4 |u http://is.stuba.sk/zp/portal_zp.pl?podrobnosti=136498